000 00415nam a2200145Ia 4500
008 100122s9999 xx 000 0 und d
082 _b8327
_a823
100 _aआपटे गो ल
245 _aसोनेरी नागीण
260 _bय.गो.जोशी
_c1941
300 _a50
630 _aसोनेरी नागीण
730 _aसोनेरी नागीण
942 _cBOOK
999 _c400651
_d400648